Religion Quiz

Random Religion or Country Quiz

Where's That House of Worship? Quiz Stats

 Plays Quiz Updated Feb 9, 2018

Challenge
Share
Tweet
Score 0/12 Timer 03:00
18 Plays Today
% Correct
Russia
(Saint Basil's Cathedral)
93.2%
France
(Notre Dame)
89.7%
Vatican City
(St. Peter's Basilica)
88.8%
Japan
(Hakone Shrine)
88.5%
United States
(St. John the Baptist Church)
85.8%
Bhutan
(Paro Taktsang)
66.2%
Indonesia
(Prambanan Temples)
64.9%
Kazakhstan
(Khazret Sultan Mosque)
53.6%
Kuwait
(Siddiqa Fatima Zahra)
53.5%
Azerbaijan
(The Baku Ateshgah)
49.7%
India
(Sri Harmandir Sahib)
34.3%
Tunisia
(The Great Synagogue of Tunis)
31.8%

You're not logged in!

Compare scores with friends on all Sporcle quizzes.
Join for Free
OR
Log In

You Might Also Like...

Show Comments

Extras

Top Quizzes Today


Score Distribution

Your Account Isn't Verified!

In order to create a playlist on Sporcle, you need to verify the email address you used during registration. Go to your Sporcle Settings to finish the process.

Report this User

Report this user for behavior that violates our Community Guidelines.

Details: